MARC details
| 000 -LEADER |
| campo de control de longitud fija |
01835naa a2200421 i 4500 |
| 001 - NÚMERO DE CONTROL |
| campo de control |
193189 |
| 003 - IDENTIFICADOR DE NÚMERO DE CONTROL |
| campo de control |
ES-MaACL |
| 005 - FECHA Y HORA DE LA ÚLTIMA TRANSACCIÓN |
| campo de control |
20240824191725.0 |
| 007 - CAMPO FIJO DE DESCRIPCIÓN FÍSICA--INFORMACIÓN GENERAL |
| campo de control de longitud fija |
ta |
| 008 - DATOS DE LONGITUD FIJA--INFORMACIÓN GENERAL |
| campo de control de longitud fija |
230930s2002 sp f 001 0 spa c |
| 017 ## - NÚMERO DE COPYRIGHT O DE DEPÓSITO LEGAL |
| Número de copyright o de depósito legal |
M. 39027-2002 |
| 020 ## - NÚMERO INTERNACIONAL ESTÁNDAR DEL LIBRO |
| Número Internacional Estándar del Libro |
847491678X |
| 035 ## - NÚMERO DE CONTROL DEL SISTEMA |
| Número de control de sistema |
Rebiun16680711 |
| 040 ## - FUENTE DE CATALOGACIÓN |
| Centro catalogador/agencia de origen |
SpMaUCSC. |
| Centro/agencia modificador |
UMH |
| Lengua de catalogación |
spa |
| Centro/agencia transcriptor |
ES-MaACL |
| 080 ## - NÚMERO DE LA CLASIFICACIÓN DECIMAL UNIVERSAL |
| Número de la Clasificación Decimal Universal |
615.014 |
| 080 ## - NÚMERO DE LA CLASIFICACIÓN DECIMAL UNIVERSAL |
| Número de la Clasificación Decimal Universal |
615.015 |
| 080 ## - NÚMERO DE LA CLASIFICACIÓN DECIMAL UNIVERSAL |
| Número de la Clasificación Decimal Universal |
614.27:658 |
| 100 ## - ENTRADA PRINCIPAL--NOMBRE DE PERSONA |
| Nombre de persona |
Plasencia Cano, Manuela |
| Término indicativo de función/relación |
Autor |
| 9 (RLIN) |
234286 |
| 245 10 - MENCIÓN DEL TÍTULO |
| Título |
Manual de prácticas tuteladas en oficina de farmacia / |
| Mención de responsabilidad, etc. |
Manuela Plasencia Cano |
| 260 ## - PUBLICACIÓN, DISTRIBUCIÓN, ETC. |
| Lugar de publicación, distribución, etc. |
Madrid : |
| Nombre del editor, distribuidor, etc. |
Editorial Complutense, |
| Fecha de publicación, distribución, etc. |
[2002] |
| 300 ## - DESCRIPCIÓN FÍSICA |
| Extensión |
312 p. ; |
| Dimensiones |
24 cm |
| 336 ## - TIPO DE CONTENIDO |
| Fuente |
rdacontent |
| Término de tipo de contenido |
Texto |
| 337 ## - TIPO DE MEDIO |
| Fuente |
rdamedia |
| Nombre/término del tipo de medio |
sin mediación |
| 338 ## - TIPO DE SOPORTE |
| Fuente |
rdacarrier |
| Nombre/término del tipo de soporte |
volumen |
| 500 ## - NOTA GENERAL |
| Nota general |
Índice |
| 504 ## - NOTA DE BIBLIOGRAFÍA, ETC. |
| Nota de bibliografía, etc. |
Bibliografía: páginas [309]-310 |
| 520 ## - RESUMEN, ETC. |
| Sumario, etc. |
Recoge, de manera esquemática, todas las cuestiones, funciones y facetas que se resuelven y desempeñan en una farmacia, y que se deben transmitir al alumno en las "Practicas tuteladas" durante su "estancia" en la Farmacia tutorial. Proporciona al farmacéutico tutor una guía práctica y útil para el desarrollo de su labor docente |
| 650 04 - PUNTO DE ACCESO ADICIONAL DE MATERIA--TÉRMINO DE MATERIA |
| Término de materia o nombre geográfico como elemento de entrada |
Atención farmacéutica |
| 9 (RLIN) |
234332 |
| 650 04 - PUNTO DE ACCESO ADICIONAL DE MATERIA--TÉRMINO DE MATERIA |
| Término de materia o nombre geográfico como elemento de entrada |
Farmacología |
| 9 (RLIN) |
12725 |
| 650 00 - PUNTO DE ACCESO ADICIONAL DE MATERIA--TÉRMINO DE MATERIA |
| Término de materia o nombre geográfico como elemento de entrada |
Farmacias- |
| 9 (RLIN) |
234288 |
| Subdivisión general |
Gestión |
| 852 ## - LOCALIZACIÓN |
| Ubicación |
ES-MaACL |
| itemnumber |
200565 |
| Sublocalización o colección |
R.154596 |
| Número de control de estantería |
N-9355 |
| Ubicación en estantería |
Depósito J |
| Anotaciones manuscritas |
Dedicatoria autógrafa de la autora |
| Donativo/Legado |
Donación: Manuela Plasencia Cano |
| Marcas de propiedad |
Sello seco con las iniciales de la autora |
| Encuadernación |
Encuadernación rústica con solapas |
| 903 ## - NOMBRE PERSONAL DE DONANTE |
| a |
Plasencia Cano, Manuela |
| e |
Donante |
| 9 |
234286 |
| 942 ## - ELEMENTOS DE ENTRADA SECUNDARIOS (KOHA) |
| Suprimir en OPAC |
No |
| Tipo de ítem Koha |
Libro impreso |